Welcome to CU Library Online Public Access Catalogue (OPAC)

Quantitative approaches in business studies / (Record no. 9740)

MARC details
000 -LEADER
fixed length control field 00876cam a2200253 a 4500
001 - CONTROL NUMBER
control field 15226672
005 - DATE AND TIME OF LATEST TRANSACTION
control field 20260504112524.0
008 - FIXED-LENGTH DATA ELEMENTS--GENERAL INFORMATION
fixed length control field 080320s2008 enka b 001 0 eng
020 ## - INTERNATIONAL STANDARD BOOK NUMBER
International Standard Book Number 9780273708896
Qualifying information alk. paper
020 ## - INTERNATIONAL STANDARD BOOK NUMBER
International Standard Book Number 0273708899
Qualifying information alk. paper
050 00 - LIBRARY OF CONGRESS CALL NUMBER
Classification number HD30.215
Item number .M67 2008
082 00 - DEWEY DECIMAL CLASSIFICATION NUMBER
Classification number 658.4/033
Edition information 22
100 1# - MAIN ENTRY--PERSONAL NAME
Personal name Morris, Clare.
245 10 - TITLE STATEMENT
Title Quantitative approaches in business studies /
Statement of responsibility, etc. Clare Morris.
250 ## - EDITION STATEMENT
Edition statement 8th ed.
260 ## - PUBLICATION, DISTRIBUTION, ETC.
Place of publication, distribution, etc. Harlow, England ;
-- New York :
Name of publisher, distributor, etc. Financial Times/Prentice Hall,
Date of publication, distribution, etc. c2012
300 ## - PHYSICAL DESCRIPTION
Extent xxi,520p
Other physical details ill. (some col.) ;
Dimensions 27 cm.
500 ## - GENERAL NOTE
General note Includes index
650 #0 - SUBJECT ADDED ENTRY--TOPICAL TERM
Topical term or geographic name entry element Management
General subdivision Statistical methods.
650 #0 - SUBJECT ADDED ENTRY--TOPICAL TERM
Topical term or geographic name entry element Decision making
General subdivision Mathematical models.
650 #0 - SUBJECT ADDED ENTRY--TOPICAL TERM
Topical term or geographic name entry element Statistical decision.
856 41 - ELECTRONIC LOCATION AND ACCESS
Materials specified Table of contents only
Uniform Resource Identifier <a href="http://www.loc.gov/catdir/toc/ecip0813/2008012392.html">http://www.loc.gov/catdir/toc/ecip0813/2008012392.html</a>
942 ## - ADDED ENTRY ELEMENTS (KOHA)
Source of classification or shelving scheme Library of Congress Classification
Koha item type Books
Edition 8th edi
Suppress in OPAC No
999 ## -
-- 9740
-- 9740
Holdings
Withdrawn status Lost status Source of classification or shelving scheme Damaged status Not for loan Collection Home library Current library Shelving location Date acquired Total checkouts Full call number Barcode Date last seen Price effective from Koha item type
    Library of Congress Classification     Non-fiction Main Library (Kumasi) Main Library (Kumasi) General stacks 05/04/2026   HD30.215.M67 bssk00000306 05/04/2026 05/04/2026 Books
© 2023-2024 Copyright: Central University Libraries. All Rights Reserved | Created by: Mahone Tech Office